فاعلية برنامج لأنشطة اللعب الجماعي لعلاج إِضطراب اللغة البراجِماتية وتحسين التفاعل الإجتماعي لدى الاطفال زارِعي القوقعة / (رقم التسجيلة. 180012)

تفاصيل مارك
000 -LEADER
fixed length control field 05334namaa22004211i 4500
003 - CONTROL NUMBER IDENTIFIER
control field OSt
005 - أخر تعامل مع التسجيلة
control field 20260506102722.0
008 - FIXED-LENGTH DATA ELEMENTS--GENERAL INFORMATION
fixed length control field 250827s2025 ua a|||frm||| 000 0 eng d
040 ## - CATALOGING SOURCE
Original cataloguing agency EG-GICUC
Language of cataloging ara
Transcribing agency EG-GICUC
Modifying agency EG-GICUC
Description conventions rda
041 0# - LANGUAGE CODE
Language code of text/sound track or separate title ara
Language code of summary or abstract ara
-- eng
049 ## - Acquisition Source
Acquisition Source إيداع
082 04 - DEWEY DECIMAL CLASSIFICATION NUMBER
Classification number 371.912
092 ## - LOCALLY ASSIGNED DEWEY CALL NUMBER (OCLC)
Classification number 371.912
Edition number 21
097 ## - Degree
Degree دكتـــــوراه‎
099 ## - LOCAL FREE-TEXT CALL NUMBER (OCLC)
Local Call Number Cai01.26.03.Ph.D.2025.شي.ف
100 0# - MAIN ENTRY--PERSONAL NAME
Authority record control number or standard number ،شيماء محمد صالح سليمان
Preparation إعداد.
245 10 - TITLE STATEMENT
Title فاعلية برنامج لأنشطة اللعب الجماعي لعلاج إِضطراب اللغة البراجِماتية وتحسين التفاعل الإجتماعي لدى الاطفال زارِعي القوقعة /
Statement of responsibility, etc. إعداد شيماء محمد صالح سليمان؛ إشراف أ.د/ شحاته سليمان محمد، أ.د/ هند إسماعيل إمبابي.
246 15 - VARYING FORM OF TITLE
Title proper/short title The effectiveness of a program for group play activities to treat pragmatic language disorder and improve social interaction in children with cochlear implants /
264 #0 - PRODUCTION, PUBLICATION, DISTRIBUTION, MANUFACTURE, AND COPYRIGHT NOTICE
Date of production, publication, distribution, manufacture, or copyright notice 2025.
300 ## - PHYSICAL DESCRIPTION
Extent 191 صفحة :
Other physical details إيضاحيات ؛
Dimensions 25 سم. +
Accompanying material CD.
336 ## - CONTENT TYPE
Content type term text
Source rda content
337 ## - MEDIA TYPE
Media type term Unmediated
Source rdamedia
338 ## - CARRIER TYPE
Carrier type term volume
Source rdacarrier
502 ## - DISSERTATION NOTE
Dissertation note أطروحة (دكتوراه)-جامعة القاهرة، 2025.
504 ## - BIBLIOGRAPHY, ETC. NOTE
Bibliography, etc. note ببليوجرافيا: صفحات 177-191.
520 ## - SUMMARY, ETC.
Summary, etc. هدف البحث الحالي إلى التحقق من فاعلية برنامج قائم على أنشطة اللعب الجماعي لعلاج إضطراب اللغة البراجماتية وتحسين التفاعل الإجتماعي لدى الأطفال زارعي القوقعة، ومدى إستمراريته. تكونت عينة البحث من (6) من الأطفال زارعي القوقعة، وإنحصرت أعمارهم بين (5-7) سنوات، في عيادة (نهلة رفاعي) بمحافظة القاهرة. واستخدم البحث مقياس مهارات اللغة البراجماتية إعداد منى سميح (2013)، ومقياس التفاعل الإجتماعي إعداد عادل عبد الله (2008)، وبرنامج لأنشطة اللعب الجماعي لعلاج إضطراب اللغة البراجماتية وتحسين التفاعل الإجتماعي لدى الأطفال زارعي القوقعة (إعداد الباحثة). وأسفرت نتائج البحث على فاعلية برنامج لأنشطة اللعب الجماعي لعلاج إضطراب اللغة البراجماتية وتحسين التفاعل الإجتماعي لدى الأطفال زارعي القوقعة. كما بينت نتائج البحث فاعلية البرنامج في تنمية اللغة البراجماتية وتحسين التفاعل الإجتماعي. كما ظهر في النتائج أنه لا يوجد فرق بين القياسين البعدي والتتبعي في مقياسي مهارات اللغة البراجماتية ومقياس التفاعل الإجتماعي وأوصى البحث بمجموعة من التوصيات والمقترحات لأبحاث لاحقة.
520 ## - SUMMARY, ETC.
Summary, etc. The aim of the current research is to verify the effectiveness of a program based on group play activities to develop pragmatic language and improve social interaction among children with cochlear implants and the extent of its continuity, to achieve the objectives, the research sample consisted of (6) children with cochlear implants whose ages ranged from (5 - 7) years who were selected from the Nahla Rafai Clinic in Cairo Governorate.To achieve these objectives, the research employed the Pragmatic Language Skills Scale developed by Mona Sameeh (2013) and the Social Interaction Scale developed by Adel Abdullah (2008).As well as, a group play activities program was specifically designed by the researcher to treat pragmatic language disorders and improve social interaction in children with cochlear implants. The results showed the effectiveness of the group play activities program in treating pragmatic language disorders and enhancing social interaction. The results also showed a difference between the post and follow-up measurements in the two measures of pragmatic language skills and the social interaction measure, and the research recommended a set of recommendations and proposals for subsequent research.
530 ## - ADDITIONAL PHYSICAL FORM AVAILABLE NOTE
Issues CD صدر أيضًا كقرص مدمج.
546 ## - LANGUAGE NOTE
Text Language النص بالعربية والملخص باللغة الإنجليزية والعربية.
650 #7 - SUBJECT ADDED ENTRY--TOPICAL TERM
Topical term or geographic name entry element ‪الأطفال المعوقون سمعيا
Source of heading or term qrmak
653 #0 - INDEX TERM--UNCONTROLLED
Uncontrolled term أنشطة اللعب الجماعي
-- التفاعل الاجتماعي
-- اللغة البراجماتية
700 0# - ADDED ENTRY--PERSONAL NAME
Personal name شحاته سليمان محمد
Relator term مشرف أطروحة.
700 0# - ADDED ENTRY--PERSONAL NAME
Personal name هند إسماعيل إمبابي
Relator term مشرف أطروحة.
900 ## - Thesis Information
Grant date 12-03-2025
Supervisory body شحاته سليمان محمد
-- هند إسماعيل إمبابي
Discussion body خالد عبد الرازق النجار
-- طه محمد مبروك
Universities جامعة القاهرة
Faculties كلية التربية للطفولة المبكرة
Department قسم العلوم النفسية
905 ## - Cataloger and Reviser Names
Cataloger Name Sara Salah
942 ## - ADDED ENTRY ELEMENTS (KOHA)
Source of classification or shelving scheme Dewey Decimal Classification
Koha item type Thesis
Edition 21
Suppress in OPAC No
المقتنيات
Source of classification or shelving scheme Home library Current library Date acquired Inventory number Full call number Barcode Date last seen Effective from Koha item type
Dewey Decimal Classification المكتبة المركزبة الجديدة - جامعة القاهرة قاعة الرسائل الجامعية - الدور الاول 06.05.2026 33178 Cai01.26.03.Ph.D.2025.شي.ف 01010100033178000 06.05.2026 06.05.2026 Thesis
Cairo University Libraries Portal Implemented & Customized by: Eng. M. Mohamady Contacts: new-lib@cl.cu.edu.eg | cnul@cl.cu.edu.eg
CUCL logo CNUL logo
© All rights reserved — Cairo University Libraries
CUCL logo
Implemented & Customized by: Eng. M. Mohamady Contact: new-lib@cl.cu.edu.eg © All rights reserved — New Central Library
CNUL logo
Implemented & Customized by: Eng. M. Mohamady Contact: cnul@cl.cu.edu.eg © All rights reserved — Cairo National University Library